header

Techno security's guide to e-discovery and digital forensics (Record no. 149448)

MARC details
000 -LEADER
fixed length control field 01385nam a2200337Ia 4500
082 04 - DEWEY DECIMAL CLASSIFICATION NUMBER
Classification number 363.25/968
100 1# - MAIN ENTRY--AUTHOR NAME
Personal name Wiles, Jack.
245 10 - TITLE STATEMENT
Title Techno security's guide to e-discovery and digital forensics
260 ## - PUBLICATION, DISTRIBUTION, ETC. (IMPRINT)
Place of publication Burlington, Mass. :
Name of publisher Syngress Publishing,
Year of publication c2007.
300 ## - PHYSICAL DESCRIPTION
Number of Pages xxvi, 405 p. :
Other physical details ill.
500 ## - GENERAL NOTE
General note "A comprehensive handbook for investigators, examiners, IT security managers, lawyers, and academia".
General note Includes index.
650 #0 - SUBJECT ADDED ENTRY--TOPICAL TERM
Topical Term Computer crimes
Topical Term Computer networks
Topical Term Computer security.
856 40 - ELECTRONIC LOCATION AND ACCESS
Uniform Resource Identifier http://site.ebrary.com/lib/rucke/Doc?id=10254665

No items available.

© 2026 Rongo University
Contact us: librarian | system librarian | Rongo university